| 000 | 00452nam a2200193Ia 4500 | ||
|---|---|---|---|
| 005 | 20240823032934.0 | ||
| 008 | 240823s9999||||xx |||||||||||||| ||und|| | ||
| 041 | _aENGLISH | ||
| 082 | _A519.2 N3 | ||
| 100 | _aBaisnab A P | ||
| 245 | 0 | _aElements of Probability and Statistics | |
| 250 | _a1st | ||
| 260 |
_c1993 _b"TMH,New Delhi" |
||
| 500 | _aYES | ||
| 650 |
_aProbability _bMathematics |
||
| 700 | _a Jas M | ||
| 942 | _cBK | ||
| 999 |
_c194619 _d194619 |
||